[Event "DEM U16w 2017"]
[Site "Willingen GER"]
[Date "2017.06.10"]
[Round "9"]
[White "Könze, Heike"]
[Black "Lücke, Kristina"]
[Result "1-0"]
[Termination "normal"]
[Board "10"]
[WhiteElo "1769"]
[BlackElo "1445"]
[WhiteClock "01:21:44"]
[BlackClock "00:25:19"]
[PlyCount "79"]
[WhiteFideId "12964476"]
[BlackFideId "16201248"]
[EventCountry "GER"]
[EventRounds "9"]
[EventType "swiss"]
[EventDate "2017.06.03"]

1. e4 {[%clk 1:30:56]} 1... c5 {[%clk 1:30:52]} 2. Nf3 {[%clk 1:31:18]} 2... g6
{[%clk 1:31:14]} 3. d4 {[%clk 1:31:40]} 3... cxd4 {[%clk 1:31:39]} 4. Nxd4 {
[%clk 1:32:04]} 4... Nc6 {[%clk 1:31:14]} 5. c4 {[%clk 1:32:05]} 5... Nf6 {
[%clk 1:30:50]} 6. Nc3 {[%clk 1:32:14]} 6... d6 {[%clk 1:28:41]} 7. Be2 { [%clk
1:31:47]} 7... Nxd4 {[%clk 1:27:42]} 8. Qxd4 {[%clk 1:32:08]} 8... Bg7 { [%clk
1:28:05]} 9. Be3 {[%clk 1:32:09]} 9... O-O {[%clk 1:28:21]} 10. Qd2 { [%clk
1:32:28]} 10... Be6 {[%clk 1:28:25]} 11. Rc1 {[%clk 1:31:38]} 11... Qa5 { [%clk
1:26:34]} 12. f3 {[%clk 1:31:18]} 12... Rfc8 {[%clk 1:22:53]} 13. b3 { [%clk
1:31:26]} 13... a6 {[%clk 1:20:54]} 14. Na4 {[%clk 1:31:23]} 14... Qxd2+ {[%clk
1:18:46]} 15. Kxd2 {[%clk 1:31:45]} 15... Nd7 {[%clk 1:11:12]} 16. g4 { [%clk
1:31:38]} 16... Rc7 {[%clk 1:02:16]} 17. h4 {[%clk 1:27:47]} 17... f5 { [%clk
0:52:13]} 18. gxf5 {[%clk 1:28:06]} 18... gxf5 {[%clk 0:52:22]} 19. Rhg1 {[%clk
1:28:18]} 19... Kf7 {[%clk 0:48:52]} 20. Nb6 {[%clk 1:23:52]} 20... Nxb6 {[%clk
0:44:25]} 21. Bxb6 {[%clk 1:24:14]} 21... Bh6+ {[%clk 0:43:30]} 22. Be3 {[%clk
1:21:13]} 22... Bxe3+ {[%clk 0:41:48]} 23. Kxe3 {[%clk 1:21:33]} 23... fxe4
{[%clk 0:41:52]} 24. fxe4 {[%clk 1:21:44]} 24... Rg8 {[%clk 0:32:43]} 25. Bh5+
{[%clk 1:19:24]} 25... Kf6 {[%clk 0:31:41]} 26. Rcf1+ {[%clk 1:19:47]} 26...
Ke5 {[%clk 0:31:41]} 27. Rxg8 {[%clk 1:20:00]} 27... Bxg8 {[%clk 0:32:07] } 28.
Rf5+ {[%clk 1:20:23]} 28... Ke6 {[%clk 0:32:28]} 29. Rf8 {[%clk 1:20:45]} 29...
Bf7 {[%clk 0:28:33]} 30. Bxf7+ {[%clk 1:21:05]} 30... Kf6 {[%clk 0:28:47] } 31.
Bd5+ {[%clk 1:20:09]} 31... Kg6 {[%clk 0:27:11]} 32. Rb8 {[%clk 1:19:41]} 32...
Kh5 {[%clk 0:25:36]} 33. Rxb7 {[%clk 1:19:51]} 33... Rxb7 {[%clk 0:25:43] } 34.
Bxb7 {[%clk 1:20:15]} 34... a5 {[%clk 0:26:09]} 35. a3 {[%clk 1:20:27]} 35...
Kxh4 {[%clk 0:26:31]} 36. b4 {[%clk 1:20:23]} 36... axb4 {[%clk 0:26:17]} 37.
axb4 {[%clk 1:20:47]} 37... Kg5 {[%clk 0:25:52]} 38. b5 {[%clk 1:21:02]} 38...
h5 {[%clk 0:25:48]} 39. Bc8 {[%clk 1:21:21]} 39... h4 {[%clk 0:25:19]} 40. b6
{[%clk 1:21:44]} 1-0

[Event "DEM U16w 2017"]
[Site "Willingen GER"]
[Date "2017.06.10"]
[Round "9"]
[White "Ehmann, Johanna"]
[Black "Pietsch, Virginia-Atlanta"]
[Result "1-0"]
[Termination "normal"]
[Board "11"]
[WhiteElo "1777"]
[BlackElo "1065"]
[WhiteClock "00:55:39"]
[BlackClock "00:00:47"]
[PlyCount "59"]
[WhiteFideId "12953130"]
[BlackFideId "16235053"]
[EventCountry "GER"]
[EventRounds "9"]
[EventType "swiss"]
[EventDate "2017.06.03"]

1. e4 e5 2. Nf3 Nf6 3. Nxe5 d6 4. Nf3 Nxe4 5. Nc3 Nxc3 6. dxc3 Bg4 7. Be3 Nd7
8. h3 Bh5 9. g4 Bg6 10. Bd3 Bxd3 11. Qxd3 Be7 12. O-O-O O-O 13. h4 f6 14. Nd4
Nc5 15. Qe2 Qd7 16. Nf5 Rf7 17. Bxc5 b6 18. Ba3 Raf8 19. Nxe7+ Rxe7 20. Qc4+
Kh8 21. Rhe1 Rfe8 22. Rxe7 Qxe7 23. Qd3 Rd8 24. c4 h6 25. Bb4 Qe6 26. g5 hxg5
27. hxg5 fxg5 28. Rh1+ Kg8 29. Bc3 Qf7 30. Qh3 1-0

[Event "DEM U16w 2017"]
[Site "Willingen GER"]
[Date "2017.06.10"]
[Round "9"]
[White "Mönster, Madita"]
[Black "Fricke, Edna Marlene"]
[Result "1/2-1/2"]
[Termination "normal"]
[Board "12"]
[WhiteElo "1762"]
[BlackElo "1356"]
[WhiteClock "00:11:06"]
[BlackClock "00:03:41"]
[PlyCount "74"]
[WhiteFideId "12947156"]
[BlackFideId "12988839"]
[EventCountry "GER"]
[EventRounds "9"]
[EventType "swiss"]
[EventDate "2017.06.03"]

1. e4 {[%clk 1:30:54]} 1... c5 {[%clk 1:30:51]} 2. Na3 {[%clk 1:31:06]} 2...
Nc6 {[%clk 1:28:24]} 3. Bb5 {[%clk 1:31:08]} 3... Nf6 {[%clk 1:26:19]} 4. d3 {
[%clk 1:30:06]} 4... a6 {[%clk 1:09:22]} 5. Bxc6 {[%clk 1:27:40]} 5... bxc6 {
[%clk 1:08:54]} 6. c3 {[%clk 1:25:27]} 6... g6 {[%clk 1:04:44]} 7. f4 { [%clk
1:18:20]} 7... Bg7 {[%clk 1:03:03]} 8. Nf3 {[%clk 1:17:28]} 8... d6 { [%clk
0:59:32]} 9. O-O {[%clk 1:16:16]} 9... e6 {[%clk 0:55:19]} 10. e5 { [%clk
1:12:27]} 10... Nd5 {[%clk 0:49:06]} 11. Nc4 {[%clk 1:09:54]} 11... dxe5 {[%clk
0:41:31]} 12. fxe5 {[%clk 1:09:17]} 12... O-O {[%clk 0:37:16]} 13. Bg5 { [%clk
1:05:51]} 13... Qc7 {[%clk 0:33:15]} 14. Qd2 {[%clk 1:01:20]} 14... a5 { [%clk
0:28:15]} 15. Bh6 {[%clk 0:52:58]} 15... Ba6 {[%clk 0:25:24]} 16. Bxg7 { [%clk
0:49:08]} 16... Kxg7 {[%clk 0:25:39]} 17. Qg5 {[%clk 0:45:18]} 17... Bxc4
{[%clk 0:18:52]} 18. dxc4 {[%clk 0:45:34]} 18... h6 {[%clk 0:13:29]} 19. Qh4 {
[%clk 0:33:34]} 19... Ne3 {[%clk 0:10:16]} 20. Rf2 {[%clk 0:33:18]} 20... Qd8 {
[%clk 0:09:30]} 21. Qe4 {[%clk 0:32:13]} 21... Nf5 {[%clk 0:07:49]} 22. Qxc6 {
[%clk 0:29:31]} 22... Rc8 {[%clk 0:06:46]} 23. Qe4 {[%clk 0:29:09]} 23... a4 {
[%clk 0:05:50]} 24. b3 {[%clk 0:22:43]} 24... axb3 {[%clk 0:05:09]} 25. axb3 {
[%clk 0:23:05]} 25... Qb6 {[%clk 0:04:57]} 26. Rb2 {[%clk 0:22:27]} 26... Qc6 {
[%clk 0:04:11]} 27. Nd2 {[%clk 0:19:54]} 27... Qxe4 {[%clk 0:03:53]} 28. Nxe4 {
[%clk 0:20:17]} 28... Rfd8 {[%clk 0:03:54]} 29. Kf2 {[%clk 0:19:05]} 29... Rd3
{[%clk 0:03:55]} 30. g4 30... Nh4 {[%clk 0:03:31]} 31. Rd2 {[%clk 0:14:54]}
31... Rf3+ {[%clk 0:03:03]} 32. Ke1 {[%clk 0:12:31]} 32... Re3+ {[%clk 0:02:45]
} 33. Re2 {[%clk 0:12:42]} 33... Nf3+ {[%clk 0:02:53]} 34. Kf2 {[%clk 0:12:48]}
34... Rxe2+ {[%clk 0:03:19]} 35. Kxe2 {[%clk 0:13:14]} 35... Nxe5 { [%clk
0:03:34]} 36. h3 {[%clk 0:13:08]} 36... Rc7 {[%clk 0:03:26]} 37. Ra5 { [%clk
0:11:06]} 37... Nd7 {[%clk 0:03:41]} 1/2-1/2